Prezentácia doplňujúcich informácií v poznámkach účtovnej závierky za účelom zvýšenia užitočnosti informácií z účtovnej závierky pre používateľov diplomová práca

Saved in:
Bibliographic Details
Main Author: Havranová, Zdenka
Corporate Author: Fakulta hospodárskej informatiky EU. Katedra účtovníctva a audítorstva
Other Authors: Blahušiaková, Miriama, 1980-
Format: Book
Language:Slovak
Published: Bratislava 2018
Tags: Add Tag
No Tags, Be the first to tag this record!

MARC

LEADER 00000nbm a2200000 4500
001 0243486
005 20181108091159.2
041 0 |a slo 
044 |a SK 
245 1 0 |a Prezentácia doplňujúcich informácií v poznámkach účtovnej závierky za účelom zvýšenia užitočnosti informácií z účtovnej závierky pre používateľov  |b diplomová práca  |c Zdenka Havranová ; školiteľ: Miriama Blahušiaková 
264 1 |a Bratislava  |c 2018 
300 |a 66 s. 
100 1 |a Havranová, Zdenka 
700 1 |a Blahušiaková, Miriama, 1980- 
710 2 |a Fakulta hospodárskej informatiky EU. Katedra účtovníctva a audítorstva